MDQL
is popping MORE tags! Check the
thread
!
Quizzes
Events
Quiz Creation
Community
Videos
Private Events
Remove Ads
Sign In
Join for FREE
Feedback
Dark Mode
Quiz Categories
Sports
Geography
Music
Movies
Television
Just For Fun
Miscellaneous
History
Literature
Language
Science
Gaming
Entertainment
Religion
Holiday
For Kids
Quiz Lab
Recent
Popular Today
Quiz Kudos Today
Editor Picks
Curator Picks
Quizzes by...
Day
Popularity
Type
Ratings
Length
Year
Community
Subscriptions
Recent Discussions
Orange Saloon
Badges
Playlists
Quests
Create
Leaderboards
Showdown
Live 5
Trivia Bingo
Activity
Puzzle Library
Sporcle Events
Private Events
Virtual Trivia
Globe League
Become a Host
Pub Owners
SporcleCon
Opinionation
Our Games
Videos
Blog
Mobile Apps
Partnerships
Remove Ads and Go Orange
Feedback
Sports
Athletes
MLB
NBA
NHL
NFL
Soccer
Sports Teams
WWE
NCAA
Football
Premier League
Basketball
Baseball
Hockey
Golf
Tennis
Cricket
Rugby
Auto Racing
Olympics
World Cup
Sports
Athletes
MLB
NBA
NHL
NFL
Soccer
Sports Teams
WWE
NCAA
Football
Premier League
Basketball
Baseball
Hockey
Golf
Tennis
Cricket
Rugby
Auto Racing
Olympics
World Cup
Random Quiz
Search Sporcle
×
Quiz Lab
Quiz Lab
Sports
Driver
Type in answers that appear in a list
Type in answers that appear in a list
Classic
Best Score? Go Orange.
Monster Jam Trucks Stats
Can you name the Monster Jam trucks?
By
Arenacale
10m
72 Questions
1,274 Plays
1,274 Plays
1,274 Plays
Comments
Comments
Give Quiz Kudos
Give Quiz Kudos
-
- Ratings
hide this ad
Random Order
Randomize order of answers
Randomize order of answers
Replay
Link that replays current quiz
Next Quiz
Link to next quiz in quiz playlist
You Got
0%
They Got
Avg Score
49%
Avg Friend Score
Upgrade to see
Score Distribution
Jump to the score distribution portion of the page
Score
0/72
Timer
10:00
0
Plays Today
Driver
Truck
% Correct
Dennis Anderson
Grave Digger
93.1%
Gary Porter
Grave Digger
93%
Rod Schmidt
Grave Digger
93%
Pablo Huffaker
Grave Digger
93%
Randy Brown
Grave Digger
93%
Chad Tingler
Grave Digger
93%
Charlie Pauken
Grave Digger
93%
Whit Tarlton
Monster Mutt
74.2%
Lupe Sosa
El Toro Loco
73.2%
Tom Meents
Maximum Destruction
70.7%
Kreg Christensen
Maximum Destruction
70.6%
Jim Koehler
Avenger
67.6%
Linsey Weenk
Blue Thunder
67.5%
Frank Krmel
Blue Thunder
67.5%
Jimmy Creten
Bounty Hunter
66.1%
John Seasock
Batman
63.4%
Chad Fortune
Superman
62.7%
Adam Anderson
Taz
59.9%
Dawn Creten
Scarlet Bandit
58.6%
Cam McQueen
Nitro Circus/Pastrana 199
56.4%
Steve Simms
Stone Crusher
55.7%
Scott Hartsock
Gun Slinger
55%
Chris Bergeron
Brutus
54.6%
Charles Benns
Pit Bull
53.9%
Alex Blackwell
Captain's Curse
52.6%
Allen Pezo
Predator
51.3%
Dan Evans
Destroyer
50.9%
Debra Miceli
Madusa
49.6%
Jeremy Slifko
Backdraft
49.6%
Randy Moore
War Wizard
49.6%
Bob Robbins
After Shock
49.5%
David Smith
King Krunch
49.4%
Damon Bradshaw
Air Force Afterburner
48.2%
Michael Vaters
Black Stallion
48%
George Balhan
Escalade
47.2%
Chuck Werner
Bulldozer
46.5%
Driver
Truck
% Correct
Steve Koehler
Wrecking Crew
44.7%
Candice Jolly
Monster Mutt Dalmatian
43.8%
Joe Sylvester
Bad Habit
43.5%
Aaron Basl
Teenage Mutant Ninja Turtle
42.5%
Lenny Kuilder
Prowler
42.2%
Marc McDonald
Safe Auto Minimizer
41.6%
Mike Wine
Backwards Bob
40.5%
Rich Hilgendorf
Spike Unleashed
39%
Daron Basl
El Matador
38.6%
Andy Slifko
Eradicator
37.7%
Jim Bendzick
Rolling Thunder
37.3%
Dan Radoni
The Patriot
37%
Mark Schroeder
Devastator
36.9%
Trey Meyers
Iron Warrior
36.8%
Rick Swanson
Obsession
36.8%
David Rappach
Rap Attack
36.4%
Mark Hall
Raminator
36.2%
Ed Eckert
Full Boar
36.1%
Jon Zimmer
Amsoil Shock Therapy
35.5%
Bruce Haney
Bad News Travels Fast
35.2%
Dale Mitchell
Pouncer
35.1%
Don Frankish
Maniac
35.1%
Pat Gerber
Shocker
33.7%
Phil Foster
Tropical Thunder
33.6%
Pat Summa
Thrasher
33.3%
Lionel Easler
Instigator
31.8%
Glen Logan
Cowboy
30%
Joe Cypher
Airborne Ranger
29.3%
Geremie Dishman
Rammunition
27.6%
Paul Strong
Martial Law
27.3%
Diehl Wilson
Virginia Giant
26.7%
Scott Anderson
Arachnaphobia
25.6%
Kristy Edge
Excaliber
24.3%
Jay Snyder
Screamin' Demon
20.4%
Jim Leahy
The Broker
20%
Kyle Chandler
Dominator
19.4%
Quiz Playlist
Details
Report
Send in Message
Add To Playlist
Classic:
Type in answers that appear in a list
Random Order:
Randomize order of answers
Last Updated: Feb 16, 2017
Quiz Scoreboard
CHALLENGE
Sign Up to Join the Scoreboard
Show All
Scores
Hide
Comments
May contain spoilers
Recently Published
Colored Red Africa Blitz
by spor1
Geography
30s
Find the 'City' Movie
by crazypaving
Movies
60s
5x2 Blitz: Bands
by SL_Kpop136
Music
30s
More to Explore
Quiz From the Vault
Featured Blog Post
14 Easter Pick-up Lines to Find Eggs With
hide this ad
You Might Also Like...
Tags
Driver
jam
Monster
truck
Today's Top Quizzes in Sports
Browse Sports
hide this ad
Today's Top Quizzes in Driver
Browse Driver
Top Contributed Quizzes in Sports
1
Players with Multiple 50 Home Run Seasons
2
Les entraîneurs de l'OM et du PSG au 21e siècle
3
Criteria MLB: Left Handed Sluggers
4
2022 World Cup Stars
5
Les meilleurs buteurs des matchs entre le PSG et l’OM
6
Who Hit More Homers?
7
Les joueurs passés par le PSG et l'OM
8
NBA Logic Puzzle 2.0
9
Top 10 NHL Goal Scorers of All Time
10
MLB Players with Two .350 Batting Average Seasons
Explore More
Trending Topics
Harry Potter
Disney
Marvel
NBA
Crossword
Anime
Kpop
WWE
The Office
Pokémon
Puzzle
Country
Soccer
Song
NFL
hide this ad
More By:
Arenacale
Quiz
Plays
Rating
Category
Featured
Created
Monster Jam Trucks
1,274
5.00
Sports
Oct 30, 2009
Go to Creator's Profile
Score Distribution
Quiz Creator Spotlight
Arenacale
Follow
Send a Message
Quizzes Created
-
Created Quiz Play Count
-
More By This Creator
Popular Quizzes Today
1
Find the 'City' Movie
2
Colored Red Africa Blitz
3
Find the US States - No Outlines Minefield
4
5x2 Blitz: Bands
5
The Countries of the World
6
Find the US States
7
US States
8
9x9 Crossword: Cartoon Network
More Sports Quizzes
Find the Aston Martin Racing Cars
Quiz Lab
Trending Quizzes
Colored Red Europe Blitz I
Colored Red Europe Blitz II
Colored Red Africa Blitz II
Colored Red Africa Blitz III
Colored Red Europe Blitz III
Recently Updated
2024 March Madness Bracket
pecheneg
Famous TV Couples
Peacemaker
Champions League XIs: Real Madrid
pecheneg
Largest US Cities 1790-2010
pecheneg
Rides in Walt Disney World
pecheneg
Most Oscar Losses (Acting)
pecheneg
Beyoncé Albums
pecheneg
Leaping Animals
pecheneg
Reality TV Shows (A-Z)
bhenderson79
Rickey Henderson's Hall of Fame Teammates
pecheneg
Trending Topics
Anime
Crossword
Harry Potter
Disney
NBA
Kpop
Marvel
Soccer
Puzzle
The Office
Pokémon
WWE
Song
Country
NFL
Your Account Isn't Verified!
In order to create a playlist on Sporcle, you need to verify the email address you used during registration. Go to your
Sporcle Settings
to finish the process.
Report this User
Report this user for behavior that violates our
Community Guidelines
.
Details:
Send Report
Go to the Sporcle.com Mobile Site →
Comments